[Event "ESP-ch 86th"]
[Site "Linares"]
[Date "2021.08.22"]
[Round "7"]
[White "Medarde Santiago, Luis Marcos"]
[Black "Bendayan Claros, Aaron Arturo"]
[Result "1/2-1/2"]
[WhiteElo "2354"]
[BlackElo "2169"]
[PlyCount "120"]
[EventDate "2021.08.16"]
[EventType "swiss"]
[EventRounds "9"]
[EventCountry "ESP"]
[SourceTitle "CBM 204 Extra"]
[Source "ChessBase"]
[SourceDate "2021.11.30"]
[SourceVersion "1"]
[SourceVersionDate "2021.11.30"]
[SourceQuality "1"]

1. e4 c6 2. d4 d5 3. e5 Bf5 4. h4 h5 5. Bd3 Bxd3 6. Qxd3 Qa5+ 7. Nd2 Qa6 8. e6 Qxd3 9. exf7+ Kxf7 10. cxd3 Nd7 11. Ndf3 e6 12. Ng5+ Kf6 13. N1f3 Bd6 14. 0-0 Nh6 15. Re1 Rhe8 16. Bd2 e5 17. Bc3 exd4 18. Nxd4 Kg6 19. Nge6 Nf6 20. Re2 Re7 21. Rae1 Rae8 22. g3 Nhg8 23. b4 a6 24. Kg2 Nd7 25. Re3 c5 26. bxc5 Nxc5 27. Bb4 b6 28. Bxc5 Bxc5 29. Nf4+ Kf7 30. Rxe7+ Rxe7 31. Rxe7+ Nxe7 32. Nde6 Bd6 33. Ng5+ Kf6 34. Nxh5+ Kg6 35. g4 Nf5 36. Kh3 Nd4 37. f4 b5 38. f5+ Nxf5 39. gxf5+ Kxh5 40. Ne6 Be5 41. d4 Bf6 42. Nf4+ Kh6 43. Nxd5 Bxd4 44. Nc7 Kh5 45. Nxa6 Bf2 46. Nc7 Bxh4 47. Nxb5 Be1 48. Nd4 Bc3 49. Nb5 Be1 50. Nd4 Bc3 51. Ne6 g6 52. Nf4+ Kg5 53. Nd5 Bd4 54. fxg6 Kxg6 55. a4 Kf5 56. a5 Ke5 57. Nc7 Bc5 58. Kg4 Kd6 59. Na6 Kc6 60. Nxc5 Kxc5 1/2-1/2

[Event "ESP-ch 86th"]
[Site "Linares"]
[Date "2021.08.19"]
[Round "4"]
[White "Pastor Villalba, Arturo"]
[Black "Medarde Santiago, Luis Marcos"]
[Result "0-1"]
[WhiteElo "1893"]
[BlackElo "2354"]
[PlyCount "44"]
[EventDate "2021.08.16"]
[EventType "swiss"]
[EventRounds "9"]
[EventCountry "ESP"]
[SourceTitle "CBM 204 Extra"]
[Source "ChessBase"]
[SourceDate "2021.11.30"]
[SourceVersion "1"]
[SourceVersionDate "2021.11.30"]
[SourceQuality "1"]

1. d4 d6 2. c4 e5 3. Nf3 e4 4. Ng1 f5 5. Nh3 Nf6 6. Bg5 h6 7. Bxf6 Qxf6 8. e3 c6 9. Nf4 g5 10. Nh5 Qe7 11. Nc3 Be6 12. Be2 Nd7 13. Qa4 Nb6 14. Qb3 Bf7 15. a4 Nxc4 16. d5 Nb6 17. Nxe4 fxe4 18. Qc3 Qe5 19. Qb4 Bxd5 20. a5 c5 21. Bb5+ Ke7 22. Qd2 Nc4 0-1

[Event "ESP-ch 86th"]
[Site "Linares"]
[Date "2021.08.18"]
[Round "3"]
[White "Medarde Santiago, Luis Marcos"]
[Black "Garrido Diaz, Jose Antonio"]
[Result "1/2-1/2"]
[WhiteElo "2354"]
[BlackElo "2046"]
[PlyCount "115"]
[EventDate "2021.08.16"]
[EventType "swiss"]
[EventRounds "9"]
[EventCountry "ESP"]
[SourceTitle "CBM 204 Extra"]
[Source "ChessBase"]
[SourceDate "2021.11.30"]
[SourceVersion "1"]
[SourceVersionDate "2021.11.30"]
[SourceQuality "1"]

1. e4 e5 2. Nf3 Nc6 3. Bc4 Bc5 4. c3 Nf6 5. d4 exd4 6. e5 d5 7. Bb5 Ne4 8. cxd4 Bb6 9. Nc3 0-0 10. Be3 f5 11. exf6 Nxf6 12. Bxc6 bxc6 13. Ne5 Qd6 14. 0-0 Nd7 15. f4 Ba6 16. Rf3 Nxe5 17. fxe5 Qe6 18. Ne2 Rxf3 19. gxf3 Qg6+ 20. Kh1 Rf8 21. Ng1 Bd3 22. Qd2 Be4 23. Rf1 Qf5 24. Rf2 Bd3 25. Rg2 Bf1 26. Rg3 Qd3 27. Qxd3 Bxd3 28. Rg2 Ba5 29. Bd2 Bb6 30. Be3 Ba5 31. a3 Be1 32. Bd2 Bh4 33. Bb4 Rb8 34. Rd2 Bf5 35. Re2 Kf7 36. Kg2 g5 37. Re3 g4 38. fxg4 Be4+ 39. Nf3 Be7 40. Kg3 Bxb4 41. axb4 Rxb4 42. Ng5+ Ke7 43. Nxe4 dxe4 44. Kf4 Rxd4 45. Rh3 e3+ 46. Kxe3 Rxg4 47. Rxh7+ Ke6 48. Kd3 Kxe5 49. h4 Kd5 50. h5 Rg3+ 51. Kc2 Rh3 52. h6 Kc4 53. Rh8 Rh2+ 54. Kb1 Kb3 55. Rb8+ Kc4 56. Rh8 Kb3 57. Rb8+ Kc4 58. Rh8 1/2-1/2

[Event "Sanxenxo Carlos op 12th"]
[Site "Sanxenxo"]
[Date "2021.07.04"]
[Round "9"]
[White "Ortega Ruiz, Jose Miguel"]
[Black "Medarde Santiago, Luis Marcos"]
[Result "1/2-1/2"]
[WhiteElo "2259"]
[BlackElo "2343"]
[PlyCount "60"]
[EventDate "2021.06.26"]
[EventType "swiss"]
[EventRounds "9"]
[EventCountry "ESP"]
[SourceTitle "CBM 203 Extra"]
[Source "ChessBase"]
[SourceDate "2021.09.30"]
[SourceVersion "1"]
[SourceVersionDate "2021.09.30"]
[SourceQuality "1"]

1. d4 Nf6 2. c4 e6 3. Nc3 d5 4. Nf3 dxc4 5. e3 a6 6. Bxc4 b5 7. Be2 Bb7 8. 0-0 Nbd7 9. a4 b4 10. Nb1 a5 11. Nbd2 Be7 12. b3 0-0 13. Bb2 c5 14. Rc1 Ne4 15. Nxe4 Bxe4 16. Nd2 Bb7 17. Bf3 Qb8 18. Bxb7 Qxb7 19. dxc5 Rfc8 20. Qg4 Bf8 21. Nc4 f5 22. Qd1 Rxc5 23. Bd4 Rd5 24. Qf3 Qa6 25. Rcd1 Rd8 26. Rfe1 Qa8 27. h3 e5 28. Bb2 e4 29. Qe2 Rxd1 30. Rxd1 Nc5 1/2-1/2

[Event "Sanxenxo Carlos op 12th"]
[Site "Sanxenxo"]
[Date "2021.07.02"]
[Round "7"]
[White "Martinez Reyes, Pedro Ramon"]
[Black "Medarde Santiago, Luis Marcos"]
[Result "0-1"]
[WhiteElo "2417"]
[BlackElo "2343"]
[PlyCount "98"]
[EventDate "2021.06.26"]
[EventType "swiss"]
[EventRounds "9"]
[EventCountry "ESP"]
[SourceTitle "CBM 203 Extra"]
[Source "ChessBase"]
[SourceDate "2021.09.30"]
[SourceVersion "1"]
[SourceVersionDate "2021.09.30"]
[SourceQuality "1"]

1. e4 c5 2. c3 Nf6 3. e5 Nd5 4. Bc4 Nb6 5. Bb3 c4 6. Bc2 d6 7. Nf3 dxe5 8. Nxe5 Qd5 9. Qe2 Qxg2 10. Be4 Qg5 11. Nxc4 Nxc4 12. Qxc4 Nd7 13. Na3 Qe5 14. f4 Qxf4 15. Rf1 Qh4+ 16. Rf2 e6 17. Bg2 Be7 18. d4 Qxh2 19. Ke2 Bxa3 20. bxa3 Qh5+ 21. Bf3 Qa5 22. Bf4 Nb6 23. Qc7 Qb5+ 24. Ke1 Nd5 25. Bxd5 Qxd5 26. Be5 0-0 27. Kd2 Bd7 28. Rg1 g6 29. c4 Qc6 30. Qa5 Qxc4 31. Rc1 Qd5 32. Rc5 Qxa2+ 33. Rc2 Qd5 34. Rc5 Qe4 35. Rc7 b6 36. Qb4 Rac8 37. Rf4 Qg2+ 38. Ke3 Rxc7 39. Bxc7 Qc6 40. Be5 Qc1+ 41. Kf2 Rc8 42. Re4 Qg5 43. Re2 Rc1 44. Re1 Rc2+ 45. Re2 Qh4+ 46. Ke3 Qh3+ 47. Kf2 Rc3 48. d5 Qf3+ 49. Ke1 Qh1+ 0-1

[Event "Sanxenxo Carlos op 12th"]
[Site "Sanxenxo"]
[Date "2021.06.26"]
[Round "1"]
[White "Conde Riveiro, Xacobe"]
[Black "Medarde Santiago, Luis Marcos"]
[Result "0-1"]
[WhiteElo "1705"]
[BlackElo "2343"]
[PlyCount "68"]
[EventDate "2021.06.26"]
[EventType "swiss"]
[EventRounds "9"]
[EventCountry "ESP"]
[SourceTitle "CBM 203 Extra"]
[Source "ChessBase"]
[SourceDate "2021.09.30"]
[SourceVersion "1"]
[SourceVersionDate "2021.09.30"]
[SourceQuality "1"]

1. e4 c5 2. Nc3 Nc6 3. Nge2 Nf6 4. d4 cxd4 5. Nxd4 d6 6. Be3 Ng4 7. Bb5 Nxe3 8. Nxc6 Nxd1 9. Nxd8+ Kxd8 10. Rxd1 e6 11. a4 Be7 12. 0-0 a6 13. Be2 Bd7 14. f4 Rc8 15. f5 Rc6 16. Bf3 Rb6 17. b3 Bf6 18. a5 Rb4 19. Na2 Rd4 20. e5 Bxe5 21. Bxb7 Ke7 22. c3 Rxd1 23. Rxd1 Rb8 24. Bxa6 Rxb3 25. Bc4 Ra3 26. Rb1 d5 27. Bb3 Rxa5 28. Re1 Bf6 29. Re2 Bb5 30. Re1 Ba4 31. Nb4 Kd6 32. Bxa4 Rxa4 33. fxe6 fxe6 34. Re3 Rxb4 0-1